000 00852cam a22002893a 4500
001 2715
003 PGUSA
005 20140828083020.0
008 010701s2001||||xxu|||||s|||||000 1 eng d
040 _aPGUSA
_beng
042 _adc
050 4 _aPS
100 1 _aJames, Henry,
_d1843-1916
245 1 4 _aThe Real Thing
_h[electronic resource] /
_cHenry James
260 _bProject Gutenberg,
_c2001
506 _aPublic domain in the USA.
516 _aElectronic text
653 _aGreat Britain -- Social life and customs -- 19th century -- Fiction
653 _aMarried people -- Fiction
653 _aSocial classes -- Fiction
653 _aShort stories
653 _aArtists' models -- Fiction
653 _aArtists -- Fiction
830 0 _aProject Gutenberg
_v2715
856 4 0 _uhttp://www.gutenberg.org/ebooks/2715
942 _cEB
999 _c232048
_d232048